000 00264nam a2200121Ia 4500
008 190216s9999||||xx |||||||||||||| ||und||
100 _aPottakadu S K
245 0 _aDevalokam
260 _bPoorna Pubs Kozhikode
300 _a434p
650 _aNovel
942 _cBK
999 _c25606
_d25606